000
00189 a2200097 4500
020
_a
1587171465
041
_a
eng
100
_a
Simon, Seymour
245
_a
Plamets Around the sun
942
_c
BK
999
_c
5575
_d
5575